| 000 | 00493ntaaa2200193 4500 | ||
|---|---|---|---|
| 003 | 01 | ||
| 005 | 20251027202934.0 | ||
| 008 | 0714s1973 ag 01 | ||
| 040 |
_aAR-BaBN _bspa _cAR-BaBN _eaacr _dRIC |
||
| 082 | _a922.9800 W577 | ||
| 100 |
_aWhite, William _930036 |
||
| 245 | _aLife of Emanuel Swedenborg | ||
| 250 | _a1 ed. | ||
| 260 |
_aPhiladelphia : _bJ.B. Lippincott Co, _c1880 |
||
| 300 | _a266 p | ||
| 650 |
_aSwedenborg, Emanuel _930037 |
||
| 650 |
_abiografĂa _91311 |
||
| 942 | _cBK | ||
| 999 |
_c24677 _d24677 |
||